000 00302nam a2200133Ia 4500
008 240624s9999 xx 000 0 und d
041 _aeng
082 _a659.1 OGI
100 _aOGILVY DAVID
245 _aOGILVY ON ADVERTISING
260 _c1985
_aGroup,1985
300 _a224 , p.
365 _cRS
_b30
999 _c29316
_d29316